| 000 | 00759nam a2200217 a 4500 | ||
|---|---|---|---|
| 001 | 000008167 | ||
| 005 | 20251104125016.0 | ||
| 008 | 090915s1981 dr a r 000 0 spa d | ||
| 040 |
_aDO-SdBNP _bspa _cBNPHU |
||
| 082 |
_a633.61097293 _bM294c |
||
| 245 | 0 | 0 |
_aManual del cultivo de la caña de azúcar / _cJosé Suazo Báez... [et al.]. |
| 260 |
_aSanto Domingo : _b[s. n.], _c1981. |
||
| 300 |
_a177 p. : _bil. ; _c21 cm. |
||
| 504 | _aBibliografía : p. 175 | ||
| 590 | _aInventariado, 2018/BT | ||
| 650 | 0 |
_aCaña de azucar _xCultivo _922166 |
|
| 650 | 4 |
_aCaña de azúcar _xEnfermedades y plagas _94249 |
|
| 650 | 4 |
_aCaña de azúcar _zRepública Dominicana _922167 |
|
| 700 | 1 | 2 |
_aSuazo Báez, José _922168 |
| 910 | _aValidado. Control de calidad. MMOLINA | ||
| 999 |
_c7944 _d7944 |
||